00534nam a22001577a 450000500170000001000150001702000280003203500140006003700090007408200080008310000200009124500710011126000570018227001170023930000200035620211229102000.0 aENG-130162 a978-93-886-9526c699.00 aEN-113694 bDBAD a954 aVarma, Pavan K. aChankay's View:bUnderstanding India In TransitioncPavan K. Varma aChennaibWestland Publications Private Limitedc2019 a1st Floor, A Block, East Wing, Plot No. 40, SP Infocity, Dr MGR Salai, Perungudi, KandanchavadibChennaie600096 a324pc24cm(hbk)